Normal view
MARC view
- Fatima Tu Zahra
Entry Personal Name
001 - CONTROL NUMBER
- control field: 131228
003 - CONTROL NUMBER IDENTIFIER
- control field: NUST
005 - DATE AND TIME OF LATEST TRANSACTION
- control field: 20251017110432.0
008 - FIXED-LENGTH DATA ELEMENTS
- fixed length control field: 251017|| aca||aabn | a|a d
040 ## - CATALOGING SOURCE
- Original cataloging agency: NUST
- Transcribing agency: NUST
100 ## - HEADING--PERSONAL NAME
- Personal name: Fatima Tu Zahra
670 ## - SOURCE DATA FOUND
- Source citation: Work cat.: (NUST): Fatima Tu Zahra, Photobiomodulation for the Treatment of Cognitive symptoms and Neuropathy associated with Diabetes Mellitus /
